Entry Personal Name
Number of records used in: 4
001 - CONTROL NUMBER
003 - CONTROL NUMBER IDENTIFIER
005 - DATE AND TIME OF LATEST TRANSACTION
- control field:
20240118122458.0
008 - FIXED-LENGTH DATA ELEMENTS
- fixed length control field:
240118|| aca||aabn | a|a d
040 ## - CATALOGING SOURCE
- Original cataloging agency:
JRU
- Transcribing agency:
JRU
100 ## - HEADING--PERSONAL NAME
- Personal name:
UNKALKAR, V.G
670 ## - SOURCE DATA FOUND
- Source citation:
Work cat.: (JRU)8483: UNKALKAR, V.G., MAGICAL WORLD OF MATHEMATICS:VEDIC MATHEMATICS